000 00430nam a22001937a 4500
003 MPLRDC
005 20220104143841.0
008 210129b ||||| |||| 00| 0 eng d
020 _a957-529-762-8
082 _a177.2 PYC
100 _a彭一昌
245 _a胜券在握
_c
250 _a初版
260 _a
_b世茂
_c1998
300 _b
490 _a销售顾问金典; 1
650 _a
942 _cBK
_o177.2 PYC
999 _c43962
_d43952